00830cam a2200181 a 4500020002800000041001200028082001800040100002200058245003400080260006400114300001700178505027900195650001500474650003800489942000700527952009700534999001700631 a0268028591 (alk. paper) aEnglish00a241.6762bBUR1 aBurrell, David B.10aFriendship and ways to truth  aNotre Dame, Ind. :bUniversity of Notre Dame Press,cc2000. aix, 125 p. ;0 aGrieving the death of a friend -- Friends in conversation: the language and practice of faith -- The role of dialogue and friendship in cross-cultural understanding -- Friendship with God in al-Ghazali and Aquinas -- Friendship and discourse about divinity: lest God be God. 0aFriendship 0aChristianity and other religions. cBK 00104070aHMIbHMIcGENd2018-10-29l0o241.6762 BURp11003776r2026-01-16w2026-01-16yBK c22423d22423